Bytový dom

Salvato in:
Dettagli Bibliografici
Autore principale: Pastirčik, Jozef, 1988- (Autore)
Altri autori: Ingeli, Rastislav, 1983- (Relatore della tesi)
Natura: Manoscritto Libro
Lingua:slovacco
Pubblicazione: Bratislava : STU v Bratislave SvF, 2014
Soggetti:
Accesso online:VAIS
https://opac.crzp.sk/?fn=detailBiblioForm&sid=839654DF12ADE2F5228A95FB778B
Tags: Aggiungi Tag
Nessun Tag, puoi essere il primo ad aggiungerne!!

MARC

LEADER 00000ntm a22000003a 4500
001 stu297161
005 20231003122836.9
008 140919s2014----xo------------------slo-d
040 |a STU  |b slo 
041 0 |a slo 
044 |a xo 
100 1 |a Pastirčik, Jozef,  |d 1988-  |4 aut  |u V  |T SvF Stavebná fakulta  |X 50530  |U V  |Y 10  |7 A000050530 
242 0 0 |a Apartment Building  |y eng 
245 1 |a Bytový dom 
260 |a Bratislava :  |b STU v Bratislave SvF,  |c 2014 
650 7 |a entrance  |2 estusub 
650 7 |a flat roof  |2 estusub 
650 7 |a building  |2 estusub 
650 7 |a vstup  |2 stusub 
650 7 |a plochá strecha  |2 stusub 
650 7 |a bytový dom  |2 stusub 
650 7 |a pozemné stavby a architektúra  |2 stusub 
700 1 |a Ingeli, Rastislav,  |d 1983-  |4 ths  |u V180  |U SvF Stavebná fakulta  |T SvF Katedra konštrukcií pozemných stavieb  |X 23863  |U V180  |Y 18  |7 A000023863 
856 4 |a info a plný text  |u http://is.stuba.sk/zp/portal_zp.pl?podrobnosti=100654  |3 VAIS 
856 4 |a CRZP  |u https://opac.crzp.sk/?fn=detailBiblioForm&sid=839654DF12ADE2F5228A95FB778B